Artemis Fowl. (Record no. 174398)

000 -LEADER
fixed length control field 01341cam a22003614a 4500
001 - CONTROL NUMBER
control field 14459085
003 - CONTROL NUMBER IDENTIFIER
control field Nust
005 - DATE AND TIME OF LATEST TRANSACTION
control field 20220829120233.0
008 - FIXED-LENGTH DATA ELEMENTS--GENERAL INFORMATION
fixed length control field 060719s2006 nyu c 000 1 eng
010 ## - LIBRARY OF CONGRESS CONTROL NUMBER
LC control number 2006049581
020 ## - INTERNATIONAL STANDARD BOOK NUMBER
International Standard Book Number 9781423124948
Terms of availability Rs. 396
038 ## - RECORD CONTENT LICENSOR
Staff Name Arshad
040 ## - CATALOGING SOURCE
Original cataloging agency DLC
Transcribing agency DLC
Modifying agency DLC
042 ## - AUTHENTICATION CODE
Authentication code lcac
050 00 - LIBRARY OF CONGRESS CALL NUMBER
Classification number PZ7.C677475
Item number Ax 2006
082 00 - DEWEY DECIMAL CLASSIFICATION NUMBER
Classification number 823
Author Mark COL
100 1# - MAIN ENTRY--PERSONAL NAME
Personal name Colfer, Eoin.
9 (RLIN) 11062
245 10 - TITLE STATEMENT
Title Artemis Fowl.
Name of part/section of a work The lost colony /
Statement of responsibility, etc. Eoin Colfer.
246 30 - VARYING FORM OF TITLE
Title proper/short title Lost colony
250 ## - EDITION STATEMENT
Edition statement 1st American ed.
260 ## - PUBLICATION, DISTRIBUTION, ETC.
Place of publication, distribution, etc. New York :
Name of publisher, distributor, etc. Hyperion Books for Children,
Date of publication, distribution, etc. 2006.
300 ## - PHYSICAL DESCRIPTION
Extent 385 p. ;
Dimensions 21 cm.
500 ## - GENERAL NOTE
General note "Miramax books."
520 ## - SUMMARY, ETC.
Summary, etc. When demons begin appearing on Earth unpredictably, foreshadowing a cataclysmic breakdown of their magic, Artemis and his friends face a new foe--a twelve-year-old girl whose intellect just might match Artemis's own--as they try to prevent catastrophe.
650 #1 - SUBJECT ADDED ENTRY--TOPICAL TERM
Topical term or geographic name entry element Adventure and adventurers
Form subdivision Fiction.
9 (RLIN) 7118
650 #1 - SUBJECT ADDED ENTRY--TOPICAL TERM
Topical term or geographic name entry element Space and time
Form subdivision Fiction.
9 (RLIN) 11071
650 #1 - SUBJECT ADDED ENTRY--TOPICAL TERM
Topical term or geographic name entry element Fairies
Form subdivision Fiction.
9 (RLIN) 11070
650 #1 - SUBJECT ADDED ENTRY--TOPICAL TERM
Topical term or geographic name entry element Magic
Form subdivision Fiction.
9 (RLIN) 11069
650 #1 - SUBJECT ADDED ENTRY--TOPICAL TERM
Topical term or geographic name entry element Demonology
Form subdivision Fiction.
9 (RLIN) 12042
906 ## - LOCAL DATA ELEMENT F, LDF (RLIN)
a 7
b cbc
c orignew
d 1
e ocip
f 20
g y-gencatlg
942 ## - ADDED ENTRY ELEMENTS (KOHA)
Source of classification or shelving scheme
Koha item type Book
Holdings
Withdrawn status Lost status Source of classification or shelving scheme Damaged status Not for loan Permanent Location Current Location Shelving location Date acquired Full call number Barcode Date last seen Copy number Price effective from Koha item type
          Central Library (CL) Central Library (CL) Fiction 01/25/2017 823 COL CL113 01/25/2017 1 01/25/2017 Book
© 2023 Central Library, National University of Sciences and Technology. All Rights Reserved.